书目信息 |
| 题名: |
电梯选用指南
|
|
| 作者: | 史信芳 主编 ;广东省电梯技术学会 编著 | |
| 分册: | ||
| 出版信息: | 广州 华南理工大学出版社 2003.02 |
|
| 页数: | 208页 | |
| 开本: | 26cm | |
| 丛书名: | ||
| 单 册: | ||
| 中图分类: | TU857 | |
| 科图分类: | ||
| 主题词: | 电梯--dian ti--基本知识 | |
| 电子资源: | ||
| ISBN: | 7-5623-1894-8 | |
| 000 | 00996nam0 2200253 450 | |
| 001 | 012007159790 | |
| 005 | 20071228152957.59 | |
| 010 | @a7-5623-1894-8@dCNY28.00 | |
| 100 | @a20071228d2003 km y0chiy0120 ea | |
| 101 | 0 | @achi |
| 102 | @aCN@b440000 | |
| 105 | @aa a 000yy | |
| 106 | @ar | |
| 200 | 1 | @a电梯选用指南@Adian ti xuan yong zhi nan@e技术 档次 功能 布置 管理 安装 招标@f广东省电梯技术学会编著@Fguang dong sheng dian ti ji shu xue hui bian zhu@g史信芳主编@Gshi xin fang zhu bian |
| 210 | @a广州@c华南理工大学出版社@d2003.02 | |
| 215 | @a208页@c图@d26cm | |
| 320 | @a有书目 (第208页) | |
| 330 | @a本书从电梯使用者的角度,全面地介绍了电梯的基础知识、电梯的档次区分与识别方法、电梯的布置与交通计算方法、电梯的安装项目管理等内容。 | |
| 606 | 0 | @a电梯@Adian ti@x基本知识 |
| 690 | @aTU857@v4 | |
| 701 | 0 | @a史信芳@Ashi xin fang@4主编 |
| 712 | 02 | @a广东省电梯技术学会@Aguang dong sheng dian ti ji shu xue hui@4编著 |
| 801 | 0 | @aCN@bQSSK@c20071228 |
| 905 | @b273638@dTU857@eS585@f1 | |
| 电梯选用指南:技术 档次 功能 布置 管理 安装 招标/广东省电梯技术学会编著/史信芳主编.-广州:华南理工大学出版社,2003.02 |
| 208页:图;26cm |
| ISBN 7-5623-1894-8:CNY28.00 |
| 本书从电梯使用者的角度,全面地介绍了电梯的基础知识、电梯的档次区分与识别方法、电梯的布置与交通计算方法、电梯的安装项目管理等内容。 |
| ● |
| 相关链接 |
|
|
|
正题名:电梯选用指南
索取号:TU857/S585
 
预约/预借
| 序号 | 登录号 | 条形码 | 馆藏地/架位号 | 状态 | 备注 |
| 1 | 273638 | 202736389 | 建筑库201/201建筑库 55排7列3层/ [索取号:TU857/S585] | 在馆 |